Một số vấn đề về du lịch Việt Nam / Đinh Trung Kiên.

Αποθηκεύτηκε σε:
Λεπτομέρειες βιβλιογραφικής εγγραφής
Μορφή: Βιβλίο
Γλώσσα:Vietnamese
Έκδοση: Đại học quốc gia Hà Nội 2004
Θέματα:
Ετικέτες: Προσθήκη ετικέτας
Δεν υπάρχουν, Καταχωρήστε ετικέτα πρώτοι!
Thư viện lưu trữ: Mạng thư viện Đại học Đà Nẵng
LEADER 01118cam a22003131a 4500
001 000035765
003 12057
005 20160319000000.0
008 160318s2004 vm 000 vie
041 |a vie 
082 |a 915.97  |b ĐI-K 
245 |a Một số vấn đề về du lịch Việt Nam / Đinh Trung Kiên.  |c Đinh Trung Kiên 
260 |a Đại học quốc gia Hà Nội  |c 2004 
300 |a 238tr .: nh;20cm 
650 |a Một số vấn đề về du lịch Việt Nam 
852 |b Chuyên đề  |c Sách tham khảo 
OWN |a LNN 
AVA |a UDN50  |b LNN  |d 915.97 ĐI-K  |e available  |t Error 5001 Not defined in file expand_doc_bib_avail.  |f 1  |g 0  |h N  |i 0  |k 1 
999 |a From the UDN01 
AVA |a UDN50  |b LNN  |d 915.97 ĐI-K  |e available  |t Error 5001 Not defined in file expand_doc_bib_avail.  |f 1  |g 0  |h N  |i 0  |k 1 
TYP |a Monograph 
TYP |a Printed language 
980 |a Mạng thư viện Đại học Đà Nẵng